000 00306nam a22001337a 4500
008 171019b xxu||||| |||| 00| 0 eng d
020 _a2900618917074
041 _aeng
080 _25 ED
_a338
100 _a53
101 _aMEN
245 _aFUNDAMENTALS OF MANAGEMENT
_cGRIFFIN.R.
942 _2udc
_cBK
999 _c34833
_d34833